=LDR 00000nam 2200000 4500 =001 INLIS000000000033403 =005 20130612135346 =008 ***********************************Ind** =035 ##$$0010-061300000033403 =041 ##$$a Ind =082 ##$$a 411.5 =090 ##$$a 411.5, Cha f =100 ##$$a Chaer, Abdul =245 ##$$a Fonologi bahasa Indonesia, Abdul Chaer =260 ##$$a 2009 $b Jakarta =300 ##$$a viii, 139 hlm, 23 cm =650 ##$$a Bahasa Indonesia - Fonologi =850 ##$$a NBPNMAT =990 ##$$a 92823/BPAP-NTB/2014 =990 ##$$a 0001/BPAP-NTB/2015